000 00430nam a22001697a 4500
005 20251108172808.0
008 250721s1994 xx 000 0 eng d
082 1 4 _aj/r/503/bro
100 1 _aBronkhurst, Martin
245 1 0 _aYOUNG SCIENTIST ENCYCLOPEDIA /
264 1 _aChicago :
_bWorld Book International,
_c1994.
300 _a20vol
650 1 7 _aENCYCLOPEDIA
650 1 7 _aSCIENCE
942 _2ddc
_cBK
999 _c88686
_d88686